Музыкальные фильмы - Армагеддон - Statistics

General Stats
  • This quiz has been taken 30 times
  • The average score is 6 of 20
Answers on the Grid
Answers color-coded by a green-red scale on the quiz's grid according to % correct below.
Танцор диско
От заката до рассвета
Чучело
Ла-Ла Ленд
Соломенная шляпка
Анора
Стиляги
Вестсайдская история
Братья Блюз
Мост в Терабитию
Служебный роман
Берегись автомобиля
RRR
Кабаре
На помощь!
Здравствуйте, я ваша тётя
Дэдпул 2
Вокзал для двоих
Джокер: Безумие на двоих
Вам и не снилось
Король комедии
Песни со второго этажа
Мэри Поппинс
Бар "Гадкий койот"
Полуночный ковбой
Танцующая в темноте
Достояние республики
Блюз о лучшей жизни
Обыкновенное чудо
Скромное обаяние буржуазии
Чародеи
Приключения Электроника
Волга-Волга
Такси-блюз
Прирождённые убийцы
Весь этот джаз
Приключения Буратино
Карнавал
Свинарка и пастух
Величайший шоумен
 
Answer Stats
Answer % Correct
Ла-Ла Ленд
83%
Танцор диско
65%
Стиляги
65%
Соломенная шляпка
52%
Мэри Поппинс
52%
Кабаре
35%
Приключения Электроника
35%
Вестсайдская история
26%
Братья Блюз
26%
Джокер: Безумие на двоих
22%
Весь этот джаз
22%
Приключения Буратино
22%
Чародеи
17%
Волга-Волга
17%
Обыкновенное чудо
13%
Свинарка и пастух
13%
Величайший шоумен
13%
Танцующая в темноте
9%
Бар "Гадкий койот"
0%
На помощь!
0%
No matching quizzes found
Score Distribution
Percent of People with Each Score
Percentile by Number Answered
Your Score History
You have not taken this quiz